Cd-rom bh 100 nossa historia (Record no. 158024)

MARC details
000 -LÍDER
campo de controle de tamanho fixo 00241 a2200109 4500
001 - NÚMERO DE CONTROLE
campo de controle 158024
040 ## - FONTE DA CATALOGAÇÃO
Instituição que transcreveu o registro Magnum
240 10 - TÍTULO UNIFORME
Título uniforme Cd-rom bh 100 nossa historia
Idioma da obra
245 10 - TÍTULO
Título Cd-rom bh 100 nossa historia
697 ## - ENTRADA DE ASSUNTO LOCAL--ENTIDADE COLETIVA (RLIN)
Nome corporativo ou nome da jurisdição MORAL E CIVICA
942 ## - ELEMENTOS DE ENTRADA ADICIONADOS (KOHA)
Tipo de material Koha Livros
Holdings
Situação do descarte Situação das perdas Situação física Não pode ser emprestado Biblioteca de origem Biblioteca atual Data de aquisição Total de empréstimos Número de chamada completo Código de barras Data de último acesso Data do preço efetivo Tipo de material Koha
        Magnum Magnum 08/06/2024   CD.00003 MAG00000024 08/06/2024 08/06/2024 Livros